<?xml version="1.0" encoding="UTF-8"?>
<record
    xmlns:xsi="http://www.w3.org/2001/XMLSchema-instance"
    xsi:schemaLocation="http://www.loc.gov/MARC21/slim http://www.loc.gov/standards/marcxml/schema/MARC21slim.xsd"
    xmlns="http://www.loc.gov/MARC21/slim">

  <leader>01329nam0a2200313 i 4500</leader>
  <controlfield tag="001">RU\NLR\BIBL_A\011134401</controlfield>
  <controlfield tag="005">20241114175546.0</controlfield>
  <datafield tag="010" ind1=" " ind2=" ">
    <subfield code="a">9785747740402</subfield>
    <subfield code="9">50</subfield>
  </datafield>
  <datafield tag="035" ind1=" " ind2=" ">
    <subfield code="a">(NLR Aleph) 011134401</subfield>
  </datafield>
  <datafield tag="090" ind1=" " ind2=" ">
    <subfield code="a">11585933</subfield>
    <subfield code="c">11585933</subfield>
  </datafield>
  <datafield tag="100" ind1=" " ind2=" ">
    <subfield code="a">20160524d2015    k  y0rusy50      ca</subfield>
  </datafield>
  <datafield tag="101" ind1="0" ind2=" ">
    <subfield code="a">rus</subfield>
    <subfield code="a">lat</subfield>
  </datafield>
  <datafield tag="102" ind1=" " ind2=" ">
    <subfield code="a">RU</subfield>
  </datafield>
  <datafield tag="105" ind1=" " ind2=" ">
    <subfield code="a">y   b   001yy</subfield>
  </datafield>
  <datafield tag="200" ind1="1" ind2=" ">
    <subfield code="a">&#x41A;&#x430;&#x442;&#x430;&#x43B;&#x43E;&#x433; &#x436;&#x438;&#x432;&#x43E;&#x442;&#x43D;&#x44B;&#x445; &#x411;&#x430;&#x448;&#x43A;&#x43E;&#x440;&#x442;&#x43E;&#x441;&#x442;&#x430;&#x43D;&#x430;</subfield>
    <subfield code="f">&#x41C;.&#x413;. &#x411;&#x430;&#x44F;&#x43D;&#x43E;&#x432;, &#x412;.&#x410;. &#x41A;&#x43D;&#x438;&#x441;&#x441;, &#x412;.&#x424;. &#x425;&#x430;&#x431;&#x438;&#x431;&#x443;&#x43B;&#x43B;&#x438;&#x43D;</subfield>
    <subfield code="g">&#x41C;-&#x432;&#x43E; &#x43E;&#x431;&#x440;&#x430;&#x437;&#x43E;&#x432;&#x430;&#x43D;&#x438;&#x44F; &#x438; &#x43D;&#x430;&#x443;&#x43A;&#x438; &#x420;&#x424;, &#x411;&#x430;&#x448;&#x43A;&#x438;&#x440;. &#x433;&#x43E;&#x441;. &#x443;&#x43D;-&#x442;</subfield>
  </datafield>
  <datafield tag="210" ind1=" " ind2=" ">
    <subfield code="a">&#x423;&#x444;&#x430;</subfield>
    <subfield code="c">&#x420;&#x418;&#x426; &#x411;&#x430;&#x448;&#x413;&#x423;</subfield>
    <subfield code="d">2015</subfield>
  </datafield>
  <datafield tag="215" ind1=" " ind2=" ">
    <subfield code="a">348 &#x441;.</subfield>
    <subfield code="d">20</subfield>
  </datafield>
  <datafield tag="320" ind1=" " ind2=" ">
    <subfield code="a">&#x411;&#x438;&#x431;&#x43B;&#x438;&#x43E;&#x433;&#x440;.: &#x441;. 295-307</subfield>
  </datafield>
  <datafield tag="320" ind1=" " ind2=" ">
    <subfield code="a">&#x423;&#x43A;&#x430;&#x437;. &#x43B;&#x430;&#x442;. &#x43D;&#x430;&#x437;&#x432;. &#x440;&#x43E;&#x434;&#x43E;&#x432;: &#x441;. 308-348</subfield>
  </datafield>
  <datafield tag="606" ind1=" " ind2=" ">
    <subfield code="a">&#x416;&#x438;&#x432;&#x43E;&#x442;&#x43D;&#x44B;&#x435;</subfield>
    <subfield code="j">&#x421;&#x43F;&#x440;&#x430;&#x432;&#x43E;&#x447;&#x43D;&#x438;&#x43A;&#x438;</subfield>
    <subfield code="y">&#x411;&#x430;&#x448;&#x43A;&#x43E;&#x440;&#x442;&#x43E;&#x441;&#x442;&#x430;&#x43D;, &#x420;&#x435;&#x441;&#x43F;&#x443;&#x431;&#x43B;&#x438;&#x43A;&#x430;</subfield>
    <subfield code="9">2112047</subfield>
    <subfield code="3">RU\NLR\AUTH\661276342</subfield>
  </datafield>
  <datafield tag="686" ind1="1" ind2=" ">
    <subfield code="a">&#x415;685.9(2&#x420;36-6&#x411;)&#x44F;2</subfield>
  </datafield>
  <datafield tag="700" ind1=" " ind2="1">
    <subfield code="a">&#x411;&#x430;&#x44F;&#x43D;&#x43E;&#x432;</subfield>
    <subfield code="b">&#x41C;.&#x413;.</subfield>
    <subfield code="f">1929-</subfield>
    <subfield code="g">&#x41C;&#x443;&#x43A;&#x430;&#x43C;&#x438;&#x43B;&#x44C; &#x413;&#x430;&#x44F;&#x437;&#x435;&#x442;&#x434;&#x438;&#x43D;&#x43E;&#x432;&#x438;&#x447;</subfield>
  </datafield>
  <datafield tag="701" ind1=" " ind2="1">
    <subfield code="a">&#x41A;&#x43D;&#x438;&#x441;&#x441;</subfield>
    <subfield code="b">&#x412;. &#x410;.</subfield>
    <subfield code="g">&#x412;&#x43B;&#x430;&#x434;&#x438;&#x43C;&#x438;&#x440; &#x410;&#x43B;&#x435;&#x43A;&#x441;&#x430;&#x43D;&#x434;&#x440;&#x43E;&#x432;&#x438;&#x447;</subfield>
  </datafield>
  <datafield tag="701" ind1=" " ind2="1">
    <subfield code="a">&#x425;&#x430;&#x431;&#x438;&#x431;&#x443;&#x43B;&#x43B;&#x438;&#x43D;</subfield>
    <subfield code="b">&#x412;. &#x424;.</subfield>
    <subfield code="g">&#x412;&#x438;&#x43D;&#x435;&#x440; &#x424;&#x430;&#x440;&#x438;&#x442;&#x43E;&#x432;&#x438;&#x447;</subfield>
  </datafield>
  <datafield tag="942" ind1=" " ind2=" ">
    <subfield code="c">BOOK</subfield>
  </datafield>
  <datafield tag="980" ind1=" " ind2=" ">
    <subfield code="a">NBR</subfield>
  </datafield>
</record>
